Manual de preparación Prueba de Conocimientos Específicos: Matemática

Gardado en:
Detalles Bibliográficos
Autor Principal: Ormazábal Díaz-Muñoz, Miguel Ramón (autor)
Formato: Libro
Idioma:Lingua castelá
Publicado: Santiago Ediciones Universidad Católica de Chile 1997
Edición:2a. ed
Subjects:
Tags: Engadir etiqueta
Sen Etiquetas, Sexa o primeiro en etiquetar este rexistro!

MARC

LEADER 00000nam a2200000 a 4500
001 UCH6366
003 CL-VaPUC
008 091109e19970000CL |||||||||||||||||spa|d
020 |a 9561404109 
082 0 4 |a 378.16  |b ORM  |2 21 
100 |a Ormazábal Díaz-Muñoz, Miguel Ramón  |e autor  |9 549283 
245 1 0 |a Manual de preparación Prueba de Conocimientos Específicos: Matemática 
250 |a 2a. ed 
300 |a 328 p 
942 |c BK 
945 |d 20091109 00:00:00  |a lazolas 
260 |a Santiago  |b Ediciones Universidad Católica de Chile  |c 1997 
650 0 |a Matemáticas   |v Problemas, ejercicios, etc  |9 883048 
650 7 |a PRUEBA DE CONOCIMIENTOS ESPECIFICOS  |2 CL-VaPUC  |9 542823 
650 7 |a PRUEBA DE APTITUD ACADEMICA  |2 CL-VaPUC  |9 542824 
583 |a last modification  |c 20091109 00:00:00  |k Rodrigo Vera 
999 |c 337270  |d 337268